Statistics for Busiest Airports in the Middle East

Click here to take the quiz!

General Stats

  • This quiz has been taken 1,143 times
    (173 since last reset)
  • The average score is 18 of 25

Answer Stats

#City% Correct
66.1 mDubai (International)
99%
15.5 mAbu Dhabi
94%
35.7 mDoha (Hamad)
93%
26.3 mRiyadh (King Khalid)
93%
20.0 mTel Aviv (David Ben Gurion)
93%
64.5 mIstanbul (International)
89%
30.7 mIstanbul (Sabiha Gökçen)
89%
14.5 mKuwait City
89%
31.6 mJedda (King Abdulaziz)
88%
8.6 mMuscat
86%
6.2 mTehran (Imam Khomeini)
85%
12.4 mTehran (Mehrabad)
85%
6.3 mBeirut (Rafic Hariri)
83%
7.8 mAmman (Queen Alia)
82%
9.7 mAnkara (Esenboğa)
82%
6.9 mManama
79%
20.0 mCairo
76%
9.8 mIzmir (Adnan Menderes)
64%
6.3 mMedina (Prince Mohammad bin Abdulaziz)
58%
31.1 mAntalya
55%
10.0 mDammam (King Fahd)
43%
13.0 mSharjah
39%
6.0 mMashhad (Shahid Hasheminejad)
27%
7.2 mHurghada
24%
6.0 mLarnaca
21%

Score Distribution

Percentile by Number Answered

Percent of People with Each Score

Your Score History

You have not taken this quiz since the last reset